Responses for show #8438 - Wednesday, July 7, 2021

Courtney Shah game 8.
Champion's winnings & consolation amounts matched to Odyssey Atlanta.

Contestants

[<< previous game]

Keshav Shah, a graduate student from Atlanta, Georgia

Nikole Villanueva, a direct service provider from Cedar Rapids, Iowa

Courtney Shah, a community college instructor from Portland, Oregon (whose 7-day cash winnings total $118,558)

[next game >>]

Jeopardy! Round responses

WINNING PRESIDENTIAL CAMPAIGN SLOGANS
TOYS & GAMES
THE DUKE & DUCHESS OF SUFFIX
TV ANIMATION
SPIDERS
WORKING OUT: THE DETAILS
    $200 1
George W. Bush

Courtney
    $200 3
Frisbee

Nikole
    $200 20
-ize

Nikole
    $200 8
Harley Quinn

Triple Stumper
    $200 26
legs

Nikole
    $200 16
core

Keshav
    $400 2
(Nikole: Who is William... who is [*]?)

Bill Clinton

Nikole
    $400 4
Sonic

Nikole
    $400 22
-ish

Keshav
    $400 9
Goliath

Courtney
    $400 27
tarantulas

Keshav
    $400 17
gluteus

Keshav
    $600 13
Wilson

Courtney
    $1,000 5
Twister

Nikole
    $600 23
-cyte

Keshav
    $600 10
Scooby-Doo

Courtney
    $600 28
venom

Nikole
    $600 18
biceps

Keshav
    $800 14
(Keshav: Who is Biden?)

Ronald Reagan

Keshav
Triple Stumper
    $800 6
Catan

Nikole
    $800 24
-phone

Triple Stumper
    $800 11
airbender

Courtney
    $800 29
crabs

Keshav
    $800 19
pecs

Courtney
    $1000 15
Franklin Roosevelt

Triple Stumper
    $1000 7
(Sanjay: Yes, you just ran the category.)
[Applause]

Lionel

Nikole
    $1000 25
comparative

Keshav
    $1000 12
(Nikole: Who is Santa?)

Klaus

Nikole
Triple Stumper
    $1000 30
orb weavers

Triple Stumper
    $1000 21
calf

Keshav

Scores at the first commercial break (after clue 15):

Courtney Nikole Keshav
$2,600 $2,800 -$800

Scores at the end of the Jeopardy! Round:

Courtney Nikole Keshav
$3,400 $3,800 $4,600

Double Jeopardy! Round responses

WOMEN DIRECTORS
CHAPTER OF THE 19th CENTURY NOVEL
WALL-TO-WALL
MARSHALL MATTERS
NOT TO BE CONFUSED
THE "DR" IS IN
(Sanjay: Each response begins with "D-R".)
    $400 7
Sleepless in Seattle

Courtney
    $400 1
Little Women

Keshav
    $400 21
the Berlin Wall

Nikole
    $400 19
Australia

Courtney
    $400 16
a fish

Triple Stumper
    $400 6
a dreidel

Nikole
    $800 12
Yentl

Nikole
    $800 2
The Scarlet Letter

Keshav
    $800 22
(Nikole: What is Mongolia?)
(Keshav: What is Russia?)

North Korea

CourtneyNikoleKeshav
    $800 20
the medium

Nikole
    $800 17
dermal

Keshav
    $800 8
dromedary

Keshav
    $1200 13
Kathryn Bigelow

Nikole
    $3,000 3
The Three Musketeers

Keshav
    $1200 28
Hadrian's Wall

Keshav
    $1200 23
Normandy

Keshav
    $1200 18
the Crimean War

Courtney
    $1200 9
drachma

Keshav
    $1600 14
Monster

Courtney
    $1600 4
The Brothers Karamazov

Keshav
    $3,000 29
(Keshav: [Exhales] I don't know.)

the Western Wall (the Wailing Wall)

Keshav
    $1600 24
(Keshav: Who is Sears?)
(Courtney: Who is Marshall Fields?)

Marshall Field

CourtneyNikoleKeshav
    $1600 25
quotidian

Nikole
    $1600 10
a drupe

Triple Stumper
    $2000 15
Carey Mulligan

Nikole
    $2000 5
(Nikole: What is The Time Machine?)

The Island of Dr. Moreau

Nikole
Triple Stumper
    $2000 30
Zimbabwe

Courtney
    $2000 27
Marbury v. Madison

Keshav
    $2000 26
(Courtney: What is "Cinnabar"?)

Cimarron

Courtney
Triple Stumper
    $2000 11
a dragée

Nikole

Scores at the end of the Double Jeopardy! Round:

Courtney Nikole Keshav
$6,200 $11,800 $12,200

[wagering suggestions for these scores]

Final Jeopardy! Round responses

ROCK BANDS
(Sanjay: [To Courtney] [*] led by Bono; in 2017, the band had its eighth Number One album with Songs of Experience.)
CourtneyWho is U2?
$800
NikoleWho is U2?
$11,500
KeshavWho are the Police?
$11,401
U2

Final scores:

Courtney Nikole Keshav
$7,000 $23,300 $799
2nd place: $2,000 New champion: $23,300 3rd place: $1,000

Game dynamics:

Coryat scores:

Courtney Nikole Keshav
$6,200 $11,400 $13,400
12 R,
2 W
18 R
(including 1 DD),
3 W
19 R
(including 1 DD),
4 W
(including 1 DD)

Combined Coryat: $31,000

The J! Archive is created by fans, for fans. The Jeopardy! game show and all elements thereof, including but not limited to copyright and trademark thereto, are the property of Jeopardy Productions, Inc. and are protected under law. This website is not affiliated with, sponsored by, or operated by Jeopardy Productions, Inc. Join the discussion at JBoard.tv.